[Event "CZE-chT2A 1718"]
[Site "Czech Republic"]
[Date "2017.12.03"]
[Round "4.8"]
[White "Lacina, Filip1111"]
[Black "Holes, Michal"]
[Result "1/2-1/2"]
[WhiteElo "2010"]
[BlackElo "2096"]
[PlyCount "77"]
[EventDate "2017.10.15"]
[EventType "team-tourn"]
[EventRounds "11"]
[EventCountry "CZE"]
[SourceTitle "EXT 2022"]
[Source "ChessBase"]
[SourceDate "2021.10.06"]
[SourceVersion "1"]
[SourceVersionDate "2021.10.06"]
[SourceQuality "1"]
[WhiteTeam "Vysehrad II"]
[BlackTeam "Karlovy Vary Tietz"]
[WhiteTeamCountry "CZE"]
[BlackTeamCountry "CZE"]

1. e4 e5 2. Nf3 Nc6 3. d4 exd4 4. c3 dxc3 5. Nxc3 Bb4 6. Bc4 d6 7. 0-0 Bxc3 8. bxc3 Nf6 9. e5 Nxe5 10. Nxe5 dxe5 11. Qxd8+ Kxd8 12. Bxf7 Ke7 13. Bb3 Be6 14. Re1 Bxb3 15. axb3 Nd7 16. f4 Kf6 17. fxe5+ Ke6 18. Ra4 Nc5 19. Rc4 Nd3 20. Rd1 Nxc1 21. Rxc1 c6 22. Rd1 Rhd8 23. Re1 Rd3 24. Rg4 g6 25. b4 Rxc3 26. Rd4 a5 27. bxa5 Rxa5 28. Rd8 Rcc5 29. Re8+ Kd7 30. Rh8 Rxe5 31. Rxh7+ Kd6 32. Rxe5 Rxe5 33. Rxb7 c5 34. Rb6+ Kd5 35. Rxg6 c4 36. Rg8 c3 37. Rc8 Kd4 38. Kf2 Kd3 39. h3 1/2-1/2

[Event "Tatry op"]
[Site "Tatranska Lomnica"]
[Date "2017.10.14"]
[Round "8"]
[White "Holes, Michal"]
[Black "Demeter, Peter"]
[Result "0-1"]
[WhiteElo "2096"]
[BlackElo "2206"]
[PlyCount "86"]
[EventDate "2017.10.08"]
[EventType "swiss"]
[EventRounds "9"]
[EventCountry "SVK"]
[SourceTitle "CBM 181 Extra"]
[Source "ChessBase"]
[SourceDate "2017.12.12"]
[SourceVersion "1"]
[SourceVersionDate "2017.12.12"]
[SourceQuality "1"]

1. e4 g6 2. d4 Bg7 3. Nc3 d6 4. Be3 Nf6 5. Bc4 0-0 6. f3 c6 7. Nge2 d5 8. Bb3 dxe4 9. fxe4 c5 10. dxc5 Qa5 11. Qd2 Nc6 12. 0-0 Ng4 13. h3 Nxe3 14. Qxe3 Be6 15. a3 Bxb3 16. cxb3 e6 17. b4 Qc7 18. Rad1 a5 19. b5 Ne5 20. b6 Qe7 21. b4 axb4 22. axb4 Nc4 23. Qc1 Qh4 24. Qf4 Qe7 25. e5 Nxe5 26. Nd4 Rfd8 27. Ncb5 Ra4 28. Nd6 Rxd6 29. cxd6 Qxd6 30. Qf2 Qxb6 31. Nxe6 Qxe6 32. Rd8+ Bf8 33. Qc5 Nd7 34. Qc8 Qe3+ 35. Kh1 Qe2 36. Rg1 Kg7 37. Qxd7 Rxb4 38. Qc8 Rc4 39. Qxb7 Bc5 40. Rgd1 Rf4 41. Kh2 Rf2 42. R8d2 Qe5+ 43. Kh1 Rxd2 0-1

[Event "Tatry op"]
[Site "Tatranska Lomnica"]
[Date "2017.10.13"]
[Round "7"]
[White "Holes, Michal"]
[Black "Petran, Peter"]
[Result "0-1"]
[WhiteElo "2096"]
[BlackElo "2318"]
[PlyCount "116"]
[EventDate "2017.10.08"]
[EventType "swiss"]
[EventRounds "9"]
[EventCountry "SVK"]
[SourceTitle "CBM 181 Extra"]
[Source "ChessBase"]
[SourceDate "2017.12.12"]
[SourceVersion "1"]
[SourceVersionDate "2017.12.12"]
[SourceQuality "1"]

1. e4 c6 2. d4 d5 3. f3 g6 4. Nc3 Bg7 5. Be3 dxe4 6. fxe4 Nf6 7. Nf3 0-0 8. Bd3 Ng4 9. Bg1 e5 10. d5 cxd5 11. Nxd5 Nc6 12. Bc5 Re8 13. 0-0 b6 14. Bb5 Bb7 15. Bxc6 Bxc6 16. Ne7+ Rxe7 17. Qxd8+ Rxd8 18. Bxe7 Re8 19. Bg5 f6 20. Bh4 g5 21. Bf2 Bxe4 22. c3 Bf8 23. h3 Nxf2 24. Kxf2 a5 25. g4 Bc6 26. Kg3 Kg7 27. Rad1 Bc5 28. Rfe1 h5 29. gxh5 Kh6 30. h4 g4 31. Kxg4 Rg8+ 32. Ng5 fxg5 33. Rxe5 gxh4+ 34. Kxh4 Bf2+ 35. Kh3 Bg2+ 36. Kh2 Bg3+ 37. Kxg2 Bxe5+ 38. Kf3 Bh2 39. Rd7 Bg1 40. b4 a4 41. c4 Kxh5 42. Ra7 Rc8 43. c5 bxc5 44. bxc5 Kg6 45. Rxa4 Kf5 46. c6 Rxc6 47. Ra5+ Bc5 48. Ke2 Ke4 49. Ra4+ Bd4 50. Kd2 Rf6 51. Kc2 Rf2+ 52. Kb3 Kd3 53. Kb4 Rb2+ 54. Ka3 Rb1 55. Ra8 Bc5+ 56. Ka4 Kc4 57. Ka5 Rb5+ 58. Ka4 Rb2 0-1

[Event "Tatry op"]
[Site "Tatranska Lomnica"]
[Date "2017.10.12"]
[Round "6"]
[White "Vojtek, Vladimir"]
[Black "Holes, Michal"]
[Result "1/2-1/2"]
[WhiteElo "2295"]
[BlackElo "2096"]
[PlyCount "53"]
[EventDate "2017.10.08"]
[EventType "swiss"]
[EventRounds "9"]
[EventCountry "SVK"]
[SourceTitle "CBM 181 Extra"]
[Source "ChessBase"]
[SourceDate "2017.12.12"]
[SourceVersion "1"]
[SourceVersionDate "2017.12.12"]
[SourceQuality "1"]

1. Nf3 Nf6 2. d4 e6 3. e3 d5 4. Bd3 c5 5. b3 Nc6 6. 0-0 Bd7 7. c4 cxd4 8. exd4 Bd6 9. Nc3 0-0 10. c5 Bb8 11. Re1 b6 12. cxb6 axb6 13. a4 Re8 14. Bg5 h6 15. Bh4 g5 16. Bg3 Bxg3 17. hxg3 Qe7 18. Rc1 Qb4 19. Bb5 Rec8 20. Qd2 Ne7 21. Rc2 Bxb5 22. Nxb5 Qxd2 23. Rxd2 Ne4 24. Rb2 Nf5 25. g4 Nfd6 26. Nxd6 Nxd6 27. Nd2 1/2-1/2

[Event "BCF-chT1d 1415 (4NCL) Demotion pool"]
[Site "England"]
[Date "2015.05.02"]
[Round "9.167"]
[White "Jameson, David"]
[Black "Holes, Michal"]
[Result "1-0"]
[WhiteElo "2048"]
[BlackElo "2207"]
[PlyCount "111"]
[EventDate "2014.11.15"]
[EventType "team-tourn"]
[EventRounds "4"]
[EventCountry "ENG"]
[SourceTitle "EXT 2023"]
[Source "ChessBase"]
[SourceDate "2022.10.05"]
[SourceVersion "1"]
[SourceVersionDate "2022.10.05"]
[SourceQuality "1"]
[WhiteTeam "South Wales Dragons"]
[BlackTeam "Hackney"]
[WhiteTeamCountry "ENG"]
[BlackTeamCountry "ENG"]

1. d4 Nf6 2. c4 g6 3. Nc3 Bg7 4. e4 0-0 5. Nf3 d6 6. Be2 Na6 7. 0-0 c5 8. d5 Nc7 9. h3 Re8 10. Bf4 e5 11. dxe6 Nxe6 12. Bxd6 Nxe4 13. Nxe4 Nd4 14. Bxc5 Nxe2+ 15. Qxe2 Bf5 16. Nfd2 Bxe4 17. Nxe4 f5 18. Rad1 Qc7 19. Qd3 Rxe4 20. Qd5+ Kh8 21. b3 Re5 22. Bd6 Rxd5 23. Bxc7 Rxd1 24. Rxd1 Bf6 25. Kf1 Re8 26. Rd6 Kg7 27. Rd7+ Re7 28. Rxe7+ Bxe7 29. Ke2 Kf7 30. Be5 Ke6 31. f4 a6 32. Kd3 Bc5 33. Kc3 Bf2 34. Bd4 Bg3 35. Be3 Be1+ 36. Kd4 Bb4 37. c5 Ba3 38. Kc4 Bb2 39. b4 Bf6 40. a4 Bh4 41. b5 Kd7 42. bxa6 bxa6 43. Kd5 Bg3 44. Bd2 Kc7 45. c6 Kc8 46. Ke6 Kc7 47. Kf6 Kxc6 48. Kg7 h5 49. Kxg6 h4 50. Kxf5 Kd5 51. Be3 Kc4 52. a5 Kd3 53. Bb6 Ke2 54. Ke4 Kf1 55. Kf3 Bf2 56. f5 1-0

[Event "BCF-chT1b 1415 (4NCL)"]
[Site "England"]
[Date "2015.03.28"]
[Round "7.167"]
[White "Kirk, Ezra"]
[Black "Holes, Michal"]
[Result "1-0"]
[WhiteElo "2344"]
[BlackElo "2041"]
[PlyCount "139"]
[EventDate "2014.11.15"]
[EventType "team-swiss"]
[EventRounds "11"]
[EventCountry "ENG"]
[SourceTitle "EXT 2016"]
[Source "ChessBase"]
[SourceDate "2015.10.08"]
[SourceVersion "1"]
[SourceVersionDate "2015.10.08"]
[SourceQuality "1"]
[WhiteTeam "Cheddleton"]
[BlackTeam "Hackney"]
[WhiteTeamCountry "ENG"]
[BlackTeamCountry "ENG"]

1. d4 Nf6 2. c4 g6 3. Nc3 Bg7 4. e4 d6 5. Nf3 0-0 6. Be2 c6 7. 0-0 Nbd7 8. Qc2 Qc7 9. Rd1 e5 10. d5 cxd5 11. cxd5 Nc5 12. Nd2 Bd7 13. a4 Rac8 14. Qb1 Nh5 15. Bxh5 gxh5 16. Nb5 Qb8 17. Nc4 Bxb5 18. axb5 Nb3 19. Ra4 Nd4 20. b6 axb6 21. Nxb6 Rxc1 22. Rxc1 Ne2+ 23. Kh1 Nxc1 24. Qxc1 Qd8 25. Qe3 f5 26. exf5 Qf6 27. Qe4 Qg5 28. Qc2 Rxf5 29. Ra8+ Bf8 30. h3 Rf7 31. f3 Qe3 32. Nc4 Qe1+ 33. Kh2 h4 34. Qd2 Qg3+ 35. Kh1 e4 36. f4 Rxf4 37. Ne3 Qf2 38. Qc3 Rf7 39. Re8 Qf6 40. Qxf6 Rxf6 41. Rxe4 Bh6 42. Kg1 Bf4 43. Nf1 Be5 44. b3 Bg3 45. Rg4+ Kf7 46. Nxg3 hxg3 47. Rxg3 Rf5 48. Rc3 b5 49. Rd3 Kf6 50. Rd4 h5 51. Kh2 Rg5 52. g4 hxg4 53. hxg4 Re5 54. Kg3 Re3+ 55. Kf4 Rxb3 56. Re4 Rd3 57. Re6+ Kf7 58. Rxd6 Rd4+ 59. Ke5 Rxg4 60. Rd7+ Ke8 61. Kd6 Rc4 62. Rb7 Rc8 63. Rxb5 Ra8 64. Ke6 Kd8 65. d6 Kc8 66. Rh5 Ra6 67. Rh8+ Kb7 68. Ke7 Ra1 69. d7 Re1+ 70. Kf6 1-0

[Event "BCF-chT3S 1415 (4NCL)"]
[Site "England"]
[Date "2015.01.11"]
[Round "4.237"]
[White "Atara, Omeet J"]
[Black "Holes, Michal"]
[Result "1/2-1/2"]
[WhiteElo "1692"]
[BlackElo "2040"]
[PlyCount "114"]
[EventDate "2014.11.15"]
[EventType "team-swiss"]
[EventRounds "6"]
[EventCountry "ENG"]
[SourceTitle "EXT 2016"]
[Source "ChessBase"]
[SourceDate "2015.10.08"]
[SourceVersion "1"]
[SourceVersionDate "2015.10.08"]
[SourceQuality "1"]
[WhiteTeam "e2e4.org.uk IV"]
[BlackTeam "Hackney II"]
[WhiteTeamCountry "ENG"]
[BlackTeamCountry "ENG"]

1. c4 Nf6 2. Nc3 g6 3. Nf3 Bg7 4. g3 0-0 5. Bg2 d6 6. 0-0 Nbd7 7. d3 e5 8. e4 c6 9. Ne1 Nc5 10. b4 Ne6 11. Nc2 Bd7 12. Bd2 Qe7 13. a4 h5 14. h4 Ng4 15. Ne3 Nd4 16. Ne2 f5 17. Nxd4 Nxe3 18. Nxc6 bxc6 19. Bxe3 f4 20. Bd2 Rf7 21. Qe2 Raf8 22. Qd1 Qe6 23. Re1 fxg3 24. fxg3 Rf2 25. Re2 R2f7 26. Re1 Qe7 27. Bg5 Bf6 28. Bxf6 Rxf6 29. Qd2 Bg4 30. Rf1 Bf3 31. Rf2 Bxg2 32. Rxg2 Rf3 33. Qe2 Qe6 34. Kh2 Qg4 35. Rag1 R8f4 36. Re1 Rf7 37. Reg1 g5 38. Kh1 Kf8 39. Rh2 gxh4 40. Rxh4 Qg8 41. Rh3 R7f4 42. Qg2 Qg4 43. Rh2 Rf2 44. Qh3 Qf3+ 45. Rhg2 Rf6 46. Qc8+ Kg7 47. Qd7+ Kh6 48. Qc8 Rg6 49. Qh8+ Kg5 50. Qd8+ Qf6 51. Qxf6+ Rgxf6 52. Kh2 Kg4 53. Rxf2 Rxf2+ 54. Rg2 Rf3 55. Rd2 Re3 56. b5 cxb5 57. cxb5 Re1 1/2-1/2

[Event "BCF-chT3S 1415 (4NCL)"]
[Site "England"]
[Date "2015.01.10"]
[Round "3.99"]
[White "Holes, Michal"]
[Black "Hughes, Roy"]
[Result "1-0"]
[WhiteElo "2040"]
[BlackElo "2005"]
[PlyCount "137"]
[EventDate "2014.11.15"]
[EventType "team-swiss"]
[EventRounds "6"]
[EventCountry "ENG"]
[SourceTitle "EXT 2016"]
[Source "ChessBase"]
[SourceDate "2015.10.08"]
[SourceVersion "1"]
[SourceVersionDate "2015.10.08"]
[SourceQuality "1"]
[WhiteTeam "Hackney II"]
[BlackTeam "Broadland Bitterns"]
[WhiteTeamCountry "ENG"]
[BlackTeamCountry "ENG"]

1. e4 d5 2. exd5 Qxd5 3. Nc3 Qd6 4. d4 Nf6 5. Nf3 c6 6. Bd3 Bg4 7. Be3 Nbd7 8. h3 Bxf3 9. Qxf3 e6 10. 0-0-0 Qc7 11. Rhe1 Bb4 12. Bd2 0-0-0 13. Kb1 Nb6 14. Nb5 cxb5 15. Bxb4 Nbd5 16. Bd2 b4 17. g4 Qc6 18. Qg3 Qb6 19. Ka1 Qxd4 20. g5 Ne8 21. Re4 Qb6 22. Rc4+ Nec7 23. Qe5 f6 24. Qe1 Qd6 25. gxf6 gxf6 26. Bxb4 Nxb4 27. Rxb4 f5 28. c3 Rhe8 29. a3 Kb8 30. Bc2 Qc5 31. Ba4 Rg8 32. Rbd4 Rxd4 33. Rxd4 a6 34. Bb3 Re8 35. Qe3 Qa7 36. Qe5 Qb6 37. Ba4 Rg8 38. Rb4 Qxf2 39. Bc6 b6 40. Rd4 Qg1+ 41. Ka2 Qg7 42. Qe3 Qg3 43. Qd2 Qg5 44. Qxg5 Rxg5 45. Rd8+ Ka7 46. Rd7 Kb8 47. h4 Rg8 48. Rxh7 Rf8 49. h5 f4 50. Bf3 b5 51. h6 Nd5 52. Rg7 Nf6 53. Rb7+ Kc8 54. Ra7 Kd8 55. h7 Nxh7 56. Rxh7 e5 57. Ra7 Rf6 58. Kb3 Rd6 59. Kc2 Ke8 60. Bb7 Rb6 61. Kd3 Ke7 62. Ke4 a5 63. Kxe5 b4 64. Bd5+ Kd8 65. axb4 axb4 66. Rb7 Rh6 67. Rxb4 Rh5+ 68. Kd6 Rh6+ 69. Be6 1-0

[Event "CZE-chT2A 1213"]
[Site "Czech Republic"]
[Date "2013.02.17"]
[Round "9.3"]
[White "Falout, Lubos"]
[Black "Holes, Michal"]
[Result "0-1"]
[WhiteElo "2130"]
[BlackElo "1941"]
[PlyCount "76"]
[EventDate "2012.10.14"]
[EventType "team-tourn"]
[EventRounds "11"]
[EventCountry "CZE"]
[SourceTitle "EXT 2015"]
[Source "ChessBase"]
[SourceDate "2014.11.20"]
[SourceVersion "1"]
[SourceVersionDate "2014.11.20"]
[SourceQuality "1"]
[WhiteTeam "Plzen Letna"]
[BlackTeam "Karlovy Vary II"]
[WhiteTeamCountry "CZE"]
[BlackTeamCountry "CZE"]

1. e4 c5 2. d4 cxd4 3. c3 dxc3 4. Nxc3 e6 5. Bc4 Qc7 6. Qe2 a6 7. a4 Nc6 8. Nf3 Nf6 9. 0-0 Ng4 10. g3 Bc5 11. Bf4 d6 12. Rac1 e5 13. Nd5 Qd7 14. Bd2 0-0 15. b4 Ba7 16. Bb3 Kh8 17. b5 axb5 18. axb5 Nd4 19. Nxd4 Bxd4 20. Bb4 f5 21. Nc7 fxe4 22. Be6 Qxe6 23. Nxe6 Bxe6 24. Bxd6 Rxf2 25. Rxf2 Bxf2+ 26. Kg2 Bd4 27. h3 Ne3+ 28. Kh2 Nf5 29. Bb4 Ne3 30. g4 h6 31. Kg3 Ra2 32. Bd2 Bc4 33. Rxc4 Rxd2 34. Rc8+ Kh7 35. Qe1 Rg2+ 36. Kh4 Rxg4+ 37. hxg4 Ng2+ 38. Kg3 Nxe1 0-1

[Event "CZE-chT2A 1213"]
[Site "Czech Republic"]
[Date "2012.12.02"]
[Round "4.3"]
[White "Holes, Michal"]
[Black "Haman, Jakub"]
[Result "0-1"]
[WhiteElo "1941"]
[BlackElo "2129"]
[PlyCount "72"]
[EventDate "2012.10.14"]
[EventType "team-tourn"]
[EventRounds "11"]
[EventCountry "CZE"]
[SourceTitle "EXT 2015"]
[Source "ChessBase"]
[SourceDate "2014.11.20"]
[SourceVersion "1"]
[SourceVersionDate "2014.11.20"]
[SourceQuality "1"]
[WhiteTeam "Karlovy Vary II"]
[BlackTeam "Kladno"]
[WhiteTeamCountry "CZE"]
[BlackTeamCountry "CZE"]

1. e4 c5 2. Nc3 e6 3. f4 d5 4. Bb5+ Nc6 5. Bxc6+ bxc6 6. Nf3 Ba6 7. e5 Ne7 8. d3 h5 9. 0-0 Nf5 10. Qe1 Be7 11. b3 c4 12. dxc4 dxc4 13. Qe4 Qb6+ 14. Kh1 cxb3 15. Na4 Qb5 16. Bd2 Qd5 17. Qxd5 cxd5 18. Rfc1 Ba3 19. cxb3 Bxc1 20. Rxc1 0-0 21. Nc5 Be2 22. Ng1 Bb5 23. a4 Bc6 24. Nxe6 fxe6 25. Rxc6 Nd4 26. Rc3 Rab8 27. Be3 Nxb3 28. Bxa7 Rb7 29. g3 d4 30. Rd3 Rd8 31. Nf3 Rxa7 32. Rxb3 d3 33. Rb2 Rxa4 34. Kg2 Rc8 35. Rd2 Rc2 36. Kf2 Re4 0-1

[Event "CZE-chT2B 1112"]
[Site "Czech Republic"]
[Date "2012.01.22"]
[Round "6.8"]
[White "Holes, Michal"]
[Black "Bazantova, Marie"]
[Result "0-1"]
[WhiteElo "1946"]
[BlackElo "1965"]
[PlyCount "84"]
[EventDate "2011.10.09"]
[EventType "team-tourn"]
[EventRounds "11"]
[EventCountry "CZE"]
[SourceTitle "EXT 2013"]
[Source "ChessBase"]
[SourceDate "2012.11.22"]
[SourceVersion "1"]
[SourceVersionDate "2012.11.22"]
[SourceQuality "1"]
[WhiteTeam "Teplice"]
[BlackTeam "Usti nad Labem"]
[WhiteTeamCountry "CZE"]
[BlackTeamCountry "CZE"]

1. e4 c5 2. Nc3 Nc6 3. f4 g6 4. Nf3 Bg7 5. Bb5 Nd4 6. 0-0 a6 7. Bc4 b5 8. Bd5 Rb8 9. d3 e6 10. Bb3 Ne7 11. Nxd4 Bxd4+ 12. Kh1 0-0 13. Ne2 Bg7 14. c3 d5 15. e5 c4 16. Bc2 cxd3 17. Bxd3 Qb6 18. Rf3 Nc6 19. Be3 Qd8 20. Qe1 f5 21. Bc5 Rf7 22. h4 Bf8 23. Bxf8 Qxf8 24. h5 g5 25. fxg5 Nxe5 26. Rg3 f4 27. Nxf4 Rxf4 28. Qxe5 Rh4+ 29. Kg1 Qc5+ 30. Kf1 Rb7 31. g6 h6 32. Ke2 Qc7 33. Qe3 Rxh5 34. g7 Rg5 35. Bh7+ Kxh7 36. Rxg5 Qc4+ 37. Kd2 hxg5 38. Rh1+ Kg8 39. Qxg5 Rxg7 40. Qd8+ Kf7 41. Rf1+ Qxf1 42. Qc7+ Kf6 0-1

[Event "Karlovy Vary op"]
[Site "Karlovy Vary"]
[Date "2011.04.30"]
[Round "4"]
[White "Holes, Michal"]
[Black "Martan, Petr"]
[Result "1-0"]
[WhiteElo "1897"]
[BlackElo "1568"]
[PlyCount "67"]
[EventDate "2011.04.28"]
[EventType "swiss"]
[EventRounds "8"]
[EventCountry "CZE"]
[SourceTitle "CBM 142 Extra"]
[Source "ChessBase"]
[SourceDate "2011.06.27"]
[SourceVersion "1"]
[SourceVersionDate "2011.06.27"]
[SourceQuality "1"]

1. e4 c5 2. Nf3 Nc6 3. d4 cxd4 4. Nxd4 g6 5. c4 Bg7 6. Be3 e5 7. Nb5 Bf8 8. N1c3 Nf6 9. Nd5 Nxd5 10. exd5 Bb4+ 11. Bd2 Bxd2+ 12. Qxd2 Nd4 13. Nd6+ Ke7 14. c5 b6 15. f4 bxc5 16. fxe5 Kf8 17. Qh6+ Kg8 18. Ne4 Nf5 19. Qd2 Qh4+ 20. Nf2 Kg7 21. Bd3 Re8 22. 0-0 Rxe5 23. Bxf5 Rxf5 24. Rad1 d6 25. Qc3+ f6 26. Qa5 Rh5 27. Qc7+ Kh6 28. Qxd6 Bb7 29. h3 f5 30. Rfe1 Rd8 31. Qc7 Bxd5 32. Re7 Bxg2 33. Rxh7+ Kg5 34. Qxd8+ 1-0

[Event "Karlovy Vary op"]
[Site "Karlovy Vary"]
[Date "2011.04.28"]
[Round "1"]
[White "Stuska, Premysl"]
[Black "Holes, Michal"]
[Result "0-1"]
[WhiteElo "1746"]
[BlackElo "1897"]
[PlyCount "44"]
[EventDate "2011.04.28"]
[EventType "swiss"]
[EventRounds "8"]
[EventCountry "CZE"]
[SourceTitle "CBM 142 Extra"]
[Source "ChessBase"]
[SourceDate "2011.06.27"]
[SourceVersion "1"]
[SourceVersionDate "2011.06.27"]
[SourceQuality "1"]

1. e4 e5 2. Nf3 Nc6 3. Bc4 Nf6 4. d3 Bc5 5. Nc3 d6 6. Bg5 h6 7. Bh4 Na5 8. Nd5 g5 9. Bg3 Nxc4 10. dxc4 c6 11. b4 cxd5 12. bxc5 Qa5+ 13. Nd2 Qxc5 14. cxd5 Bg4 15. Qc1 Rc8 16. c4 b5 17. f3 Qe3+ 18. Kd1 Qd4 19. fxg4 Rxc4 20. Qb1 Rb4 21. Qc1 Nxe4 22. Rb1 Rxb1 0-1

[Event "CZE-chT2B 0910"]
[Site "Czech Republic"]
[Date "2010.01.31"]
[Round "6.7"]
[White "Machala, Vladislav"]
[Black "Holes, Michal"]
[Result "0-1"]
[WhiteElo "2072"]
[BlackElo "1897"]
[PlyCount "70"]
[EventDate "2009.10.18"]
[EventType "team-tourn"]
[EventRounds "11"]
[EventCountry "CZE"]
[SourceTitle "EXT 2012"]
[Source "ChessBase"]
[SourceDate "2011.11.24"]
[SourceVersion "1"]
[SourceVersionDate "2011.11.24"]
[SourceQuality "1"]
[WhiteTeam "Litvinov Lom"]
[BlackTeam "Karlovy Vary II"]
[WhiteTeamCountry "CZE"]
[BlackTeamCountry "CZE"]

1. e4 c5 2. g3 d5 3. exd5 Qxd5 4. Nf3 Bg4 5. Bg2 Nc6 6. 0-0 Qh5 7. c3 Ne5 8. Qa4+ Bd7 9. Qe4 Nc6 10. d4 Nf6 11. Qd3 0-0-0 12. Na3 e5 13. dxe5 Ng4 14. Bf4 g5 15. h3 gxf4 16. hxg4 Bxg4 17. Qe4 Bh6 18. Nh2 f5 19. Qc4 f3 20. Bh1 f4 21. Rfe1 Rhe8 22. Nb5 Be6 23. Qxc5 fxg3 24. Nxa7+ Kc7 25. Nb5+ Kb8 26. fxg3 Qh3 27. Nxf3 Qxg3+ 28. Bg2 Rg8 29. Qf2 Qh3 30. Kf1 Bc4+ 31. Re2 Rxg2 32. Qxg2 Bxe2+ 33. Kf2 Be3+ 34. Kxe2 Qxg2+ 35. Kxe3 Qxb2 0-1

[Event "CZE-chT2B 0910"]
[Site "Czech Republic"]
[Date "2009.11.22"]
[Round "3.8"]
[White "Horinek, Karel"]
[Black "Holes, Michal"]
[Result "0-1"]
[WhiteElo "2050"]
[BlackElo "1897"]
[PlyCount "48"]
[EventDate "2009.10.18"]
[EventType "team-tourn"]
[EventRounds "11"]
[EventCountry "CZE"]
[SourceTitle "EXT 2012"]
[Source "ChessBase"]
[SourceDate "2011.11.24"]
[SourceVersion "1"]
[SourceVersionDate "2011.11.24"]
[SourceQuality "1"]
[WhiteTeam "Neratovice"]
[BlackTeam "Karlovy Vary II"]
[WhiteTeamCountry "CZE"]
[BlackTeamCountry "CZE"]

1. e4 c5 2. Nf3 Nc6 3. d4 cxd4 4. Nxd4 g6 5. Be3 Bg7 6. Nc3 Nf6 7. Be2 0-0 8. Qd2 d5 9. exd5 Nxd5 10. Nxd5 Qxd5 11. Bf3 Qc4 12. b3 Qa6 13. c3 Rd8 14. Bxc6 bxc6 15. Qe2 Qa5 16. Bd2 Ba6 17. Qe3 Rac8 18. f4 c5 19. Ne2 Rd3 20. Qe4 Rcd8 21. Be3 Bxc3+ 22. Nxc3 Qxc3+ 23. Kf2 Rxe3 24. Qxe3 Rd2+ 0-1

[Event "CZE-ch U18 Girls/sf U18"]
[Site "Czech Republic"]
[Date "2008.??.??"]
[Round "7"]
[White "Holes, Michal"]
[Black "Pilch, Roman"]
[Result "0-1"]
[WhiteElo "1882"]
[BlackElo "2004"]
[PlyCount "120"]
[EventDate "2008.??.??"]
[EventType "swiss"]
[EventRounds "9"]
[EventCountry "CZE"]
[SourceTitle "EXT 2011"]
[Source "ChessBase"]
[SourceDate "2010.11.26"]
[SourceVersion "1"]
[SourceVersionDate "2010.11.26"]
[SourceQuality "1"]

1. e4 c5 2. Nf3 d6 3. d4 cxd4 4. Qxd4 a6 5. c4 Nc6 6. Qd1 Nf6 7. Nc3 g6 8. h3 Bg7 9. Bd3 0-0 10. 0-0 Bd7 11. Qe2 Qa5 12. Nd5 Nxd5 13. exd5 Ne5 14. Nxe5 Bxe5 15. f4 Bf6 16. Kh1 b5 17. Bd2 Qb6 18. Be3 Qb7 19. Rac1 bxc4 20. Bxc4 Qxb2 21. Qxb2 Bxb2 22. Rb1 Bf6 23. Rb7 Bf5 24. g4 Be4+ 25. Kh2 Rfb8 26. Rxb8+ Rxb8 27. g5 Bg7 28. Bb3 Rc8 29. Re1 Bc2 30. Rc1 Bf5 31. Rc6 Rxc6 32. dxc6 Kf8 33. Bc4 Bc8 34. Bb6 e6 35. Kg3 Ke7 36. Kf3 Bc3 37. Bd3 f5 38. Bc2 Bb4 39. Bd4 Kd8 40. Bb6+ Ke7 41. Bd4 Ba5 42. Bf6+ Kf7 43. Ke3 h6 44. Bb3 Bc7 45. Kd4 a5 46. Bc4 d5 47. Be2 Bxf4 48. h4 hxg5 49. hxg5 Bd6 50. a4 Bc7 51. Kc5 e5 52. Kxd5 Be6+ 53. Kc5 e4 54. Kb5 f4 55. Bd4 f3 56. Bf1 Bf4 57. Kxa5 e3 58. Bxe3 Bxe3 59. c7 Ke7 60. Kb5 Kd6 0-1